Hodnotenie strategickej výkonnosti medzinárodne činných podnikov dizertačná práca
Gespeichert in:
| 1. Verfasser: | |
|---|---|
| Körperschaft: | |
| Weitere Verfasser: | |
| Format: | Buch |
| Sprache: | Slowakisch |
| Veröffentlicht: |
Košice
2018
|
| Schlagworte: | |
| Tags: |
Keine Tags, Fügen Sie das erste Tag hinzu!
|
MARC
| LEADER | 00000nbm a2200000 4500 | ||
|---|---|---|---|
| 001 | 0247210 | ||
| 005 | 20230227104841.7 | ||
| 041 | 0 | |a slo | |
| 044 | |a SK | ||
| 245 | 1 | 0 | |a Hodnotenie strategickej výkonnosti medzinárodne činných podnikov |b dizertačná práca |c František Hurný ; školiteľ: Aneta Bobenič Hintošová |
| 264 | 1 | |a Košice |c 2018 | |
| 300 | |a 132 s. | ||
| 610 | 2 | 0 | |a podnik |
| 610 | 2 | 0 | |a spolupráca medzinárodná |
| 610 | 2 | 0 | |a výkony podnikové |
| 610 | 2 | 0 | |a stratégia podniková |
| 100 | 1 | |a Hurný, František | |
| 700 | 1 | |a Bobenič Hintošová, Aneta, 1979- | |
| 710 | 2 | |a Podnikovohospodárska fakulta EU so sídlom v Košiciach. Katedra manažmentu | |